LDR 00908naa#a2200205#i#450# 001 RU\\bibl\106621 005 20260419031030.7 011 ## _a2308-4057 100 ## _a20260325b2026####ek#y0rusy0150####ca 101 0# _aENG 102 ## _aRU 200 1# _aStabilizing liposomes loaded with proteins, amino acids, vitamins, and microelements _eЖурнальная статья 210 1# _aКемерово _cКемеровский государственный университет _d2026 215 ## _a16 с. 608 ## _aЖурнальная статья _2local 675 ## _aХимическая технология. Химическая промышленность. Пищевая промышленность. Металлургия. Родственные отрасли. 66 _zENG 700 #1 _aTsepeleva _gIrina A. 700 #1 _aYudina _gAlesya N. 700 #1 _aKrasnoshtanova _gAlla A. 856 4# _avestnik-bees.kemsu.ru _u